000 00587nam a2200205Ia 4500
003 GCL
008 140319s9999 xx 000 0 ara d
040 _aGCL /
_cGCL
082 0 4 _a540.1
_bا ك
100 1 _aاحمد رياض
245 1 0 _aالكيمياء الحديثة: نشأتها وعلاق  } /
_cاحمد رياض
700 1 _aالكوت, ارنولد
700 1 _aبولتون، هـ. س
650 0 4 _aتاريخ
650 0 4 _aالكيمياء
650 0 4 _aالتربة
650 0 4 _aالبناء
650 0 4 _aالكيمياء والطبيعة
942 _2ddc
_cBK
999 _c45387
_d45387